00000000nam 2200000zi 4500
0019.954637
003CaOODSP
00520250902101622
006m     o  d f      
007cr mn|||||||||
008250829e202503##onca    ob   f000 0 eng d
043 |an-cn---
045 |ay1y2
0861 |aFR5-249/2025E-PDF
24500|aEvaluation of Global Affairs Canada's sanctions operations, 2018-2024 : |bevaluation report / |cprepared by the Evaluation Division, Global Affairs Canada.
264 1|a[Ottawa] : |bGlobal Affairs Canada = Affaires mondiales Canada, |cMarch 2025.
300 |a1 online resource (50 pages) : |billustrations (some colour) + |emanagement response (7 pages) + summary (1 page)
336 |atext|btxt|2rdacontent
337 |acomputer|bc|2rdamedia
338 |aonline resource|bcr|2rdacarrier
500 |aIssued also in French under title: Évaluation des opérations de sanctions menées par Affaires mondiales Canada, 2018-2024 : rapport d'évaluation.
504 |aIncludes bibliographical references.
61010|aCanada. |bGlobal Affairs Canada|xEvaluation.
650 0|aEconomic sanctions, Canadian|zEvaluation.
651 0|aCanada|xForeign relations|xEvaluation.
7101 |aCanada. |bGlobal Affairs Canada, |eissuing body.
77508|tÉvaluation des opérations de sanctions menées par Affaires mondiales Canada, 2018-2024 : |w(CaOODSP)9.954672
85640|qPDF|s1.66 MB|uhttps://publications.gc.ca/collections/collection_2025/amc-gac/FR5-249-2025-eng.pdf|zEvaluation report
85640|qPDF|s295 KB|uhttps://publications.gc.ca/collections/collection_2025/amc-gac/FR5-249-2025-1-eng.pdf|zManagement response
85640|qPDF|s162 KB|uhttps://publications.gc.ca/collections/collection_2025/amc-gac/FR5-249-2025-2-eng.pdf|zSummary
8564 |qHTML|sN/A|uhttps://www.international.gc.ca/transparency-transparence/audit-evaluation-verification/2025/sanctions-report-rapport.aspx?lang=eng|zEvaluation report
8564 |qHTML|sN/A|uhttps://www.international.gc.ca/transparency-transparence/audit-evaluation-verification/2025/sanctions-mrap-rpad.aspx?lang=eng|zManagement response
8564 |qHTML|sN/A|uhttps://www.international.gc.ca/transparency-transparence/audit-evaluation-verification/2025/sanctions-summary-sommaire.aspx?lang=eng|zSummary
040 |aCaOODSP|beng|erda|cCaOODSP